[Event "Olympiad Women 2024"]
[Site "Budapest HUN"]
[Date "2024.09.16"]
[Round "6.1"]
[Board "1"]
[White "Dronavalli, Harika"]
[Black "Mkrtchian, Lilit"]
[Result "1/2-1/2"]
[WhiteElo "2502"]
[BlackElo "2366"]
[PlyCount "87"]
[EventDate "2024.09.11"]
[WhiteTeam "India"]
[BlackTeam "Armenia"]
[WhiteTeamCountry "IND"]
[BlackTeamCountry "ARM"]

1. Nf3 d5 2. d4 Nf6 3. c4 e6 4. Nc3 Be7 5. Bg5 h6 6. Bxf6 Bxf6 7. e3 O-O 8. Rc1 c6 9. Bd3 Nd7 10. O-O dxc4 11. Bxc4 e5 12. Ne4 exd4 13. Nxf6+ Qxf6 14. Qxd4 Qxd4 15. Nxd4 Ne5 ({RR} 15... Nb6 16. Bb3 Bg4 17. f3 Bd7 18. e4 Rac8 19. Rc5 Rfd8 20. Kf2 Be8 21. Ke3 Nd7 22. Rc3 Ne5 23. h3 Kf8 24. f4 Ng6 25. g3 c5 26. Nf3 b6 27. g4 Bc6 28. f5 Ne7 29. h4 Re8 30. Kf4 {1-0 Csonka,B (2481)-Zacurdajev,D (2239) Titled Tue 18th Jun Early 2024 (2)}) 16. Be2 Bd7 17. Rfd1 $146 ({RR} 17. b4 Rfc8 18. f4 Ng4 19. Bxg4 Bxg4 20. f5 f6 21. Rc5 Bh5 22. Rfc1 Re8 23. Kf2 Bf7 24. b5 Bxa2 25. bxc6 bxc6 26. Nxc6 Bf7 27. Rb1 Kf8 28. Rd5 a6 29. Rb7 {½-½ Tscharotschkin,M (2144)-Bebchuk,L (2063) Calvia Amateur op 11th 2014 (8)}) 17... Rfd8 18. f3 Kf8 19. Kf2 a5 20. h3 Ng6 21. f4 Rac8 22. Nb3 b6 23. Nd2 Be8 24. Nc4 Rxd1 25. Rxd1 Rb8 26. Bf3 Ne7 27. Ne5 a4 28. g4 b5 29. Nd7+ Bxd7 30. Rxd7 Ke8 31. Rc7 Kd8 32. Ra7 Rc8 33. g5 hxg5 34. fxg5 Rc7 35. Ra8+ Rc8 36. Rxc8+ Kxc8 37. h4 g6 38. h5 gxh5 39. Bxh5 Ng6 40. Kf3 Kd7 41. Ke4 Ke6 42. Bg4+ Ke7 43. Bh5 Ke6 44. Bg4+ 1/2-1/2

[Event "Olympiad Women 2024"]
[Site "Budapest HUN"]
[Date "2024.09.16"]
[Round "6.1"]
[Board "2"]
[White "Mkrtchyan, Mariam"]
[Black "Vaishali, Rameshbabu"]
[Result "1/2-1/2"]
[WhiteElo "2328"]
[BlackElo "2498"]
[PlyCount "99"]
[EventDate "2024.09.11"]
[WhiteTeam "Armenia"]
[BlackTeam "India"]
[WhiteTeamCountry "ARM"]
[BlackTeamCountry "IND"]

1. d4 Nf6 2. c4 e6 3. Nf3 Bb4+ 4. Bd2 Qe7 5. g3 Bxd2+ 6. Qxd2 Nc6 7. a3 d5 8. b3 ({RR} 8. cxd5 exd5 9. Bg2 Bg4 10. O-O O-O-O 11. Nc3 h5 12. h4 Ne4 13. Qd3 Bf5 14. Qe3 Rhe8 15. Rfe1 Qf6 16. Qf4 Bg4 17. Qxf6 Nxf6 18. e3 Ne4 19. Rac1 Bxf3 20. Bxf3 g6 21. Nxe4 dxe4 22. Be2 Ne7 {½-½ Elsness,F (2418)-Womacka,M (2359) Titled Tue 23rd Jul Late 2024 (2)}) 8... e5 $146 ({RR} 8... dxc4 9. bxc4 e5 10. Bg2 e4 11. Ng5 h6 12. Nh3 g5 13. O-O Bf5 14. Kh1 Qd7 15. Ng1 Qxd4 16. Qxd4 Nxd4 17. Nc3 O-O-O 18. Rab1 Rhe8 19. e3 Ne6 20. Rb5 Bg6 21. Nd5 Nd7 22. Ra5 Kb8 23. Rb1 {1-0 Li,C (2751)-Ivanchuk,V (2710) China Elite Mind blitz 2016 (4)}) 9. cxd5 Nxd5 10. dxe5 Nb6 11. Qc3 O-O 12. Bg2 Re8 13. O-O Nxe5 14. Nbd2 c6 15. e4 Nxf3+ 16. Nxf3 Bg4 17. h3 Bxf3 18. Bxf3 Rad8 19. Rad1 Qxa3 20. Rxd8 Rxd8 21. Ra1 Qe7 22. Rxa7 Nc8 23. Ra8 Nd6 24. Qa5 Rxa8 25. Qxa8+ Qf8 26. Qxf8+ Kxf8 27. e5 Nb5 28. Be4 Nd4 29. b4 Ne2+ 30. Kf1 Nc3 31. Bg2 Ke7 32. Ke1 Ke6 33. f4 Nd5 34. b5 cxb5 35. Kd2 b4 36. Kd3 b5 37. Kd4 Nc3 38. Bf1 h5 39. Bd3 g6 40. g4 h4 41. f5+ gxf5 42. gxf5+ Ke7 43. Kc5 b3 44. Kb4 Nd5+ 45. Kxb3 Nf4 46. Bf1 f6 47. e6 Nxe6 48. fxe6 Kxe6 49. Bxb5 Kf7 50. Kc3 1/2-1/2

[Event "Olympiad Women 2024"]
[Site "Budapest HUN"]
[Date "2024.09.16"]
[Round "6.1"]
[Board "4"]
[White "Sargsyan, Anna M."]
[Black "Tania, Sachdev"]
[Result "1/2-1/2"]
[WhiteElo "2364"]
[BlackElo "2386"]
[PlyCount "121"]
[EventDate "2024.09.11"]
[WhiteTeam "Armenia"]
[BlackTeam "India"]
[WhiteTeamCountry "ARM"]
[BlackTeamCountry "IND"]

1. e4 e5 2. Nf3 Nc6 3. Bc4 Nf6 4. d3 Bc5 5. c3 d6 6. O-O a5 7. Re1 Ba7 8. Bb3 h6 9. Be3 ({RR} 9. Nbd2 Be6 10. Bxe6 fxe6 11. Nf1 O-O 12. d4 Qe8 13. Ng3 Qf7 14. h3 exd4 15. cxd4 d5 16. e5 Nh5 17. Nxh5 Qxh5 18. Be3 Rxf3 19. Qxf3 Qxf3 20. gxf3 Nxd4 21. Bxd4 Bxd4 22. Re2 Rf8 23. Kg2 Rf5 {0-1 Garzon Camelo,A (2099)-Marrujo Pardo,M (2350) 17th American Continental 2024 (4.29)}) 9... O-O 10. Bxa7 Rxa7 11. h3 $146 ({RR} 11. Nbd2 Nh5 12. Nc4 Nf4 13. Ne3 Qf6 14. g3 Nxd3 15. Nd5 {1-0 Alekseev,E (2573)-Vaibhav,S (2588) AI Cup Div 3 W 2023 (2.2)}) 11... Nh5 12. Nxe5 Nxe5 13. Qxh5 Nxd3 14. Re3 Nf4 15. Qf3 Qg5 16. Kh1 a4 17. Bc2 Bd7 18. Nd2 Raa8 19. Rae1 Bc6 20. Qg4 Qxg4 21. hxg4 Rfe8 22. g3 Ne6 23. Kg1 Nc5 24. Nf3 Ne6 25. Nh4 g6 26. f4 Kg7 27. e5 dxe5 28. f5 Nf8 29. Rxe5 Rxe5 30. Rxe5 Kf6 31. Re2 Re8 32. Rd2 a3 33. bxa3 Re3 34. fxg6 fxg6 35. Kh2 Rxc3 36. Rf2+ Kg5 37. Kh3 h5 38. gxh5 gxh5 39. Bd1 Bd7+ 40. Kh2 Ng6 41. Rf7 Ne5 42. Nf3+ Nxf3+ 43. Bxf3 Be6 44. Rf8 Rxa3 45. Bxb7 Rxa2+ 46. Kg1 c5 47. Rf2 Rxf2 48. Kxf2 c4 49. Ke3 Bf5 50. Bf3 c3 51. Be2 Be4 52. Bb5 Bg6 53. Be2 Be4 54. Bb5 Bf5 55. Be2 Bg4 56. Bb5 Bd1 57. Kd3 Kg4 58. Be8 Kxg3 59. Bxh5 c2 60. Kd2 Bxh5 61. Kxc2 1/2-1/2

[Event "Olympiad Women 2024"]
[Site "Budapest HUN"]
[Date "2024.09.16"]
[Round "6.2"]
[Board "1"]
[White "Gaal, Zsoka"]
[Black "Cori T., Deysi"]
[Result "1-0"]
[WhiteElo "2385"]
[BlackElo "2366"]
[PlyCount "51"]
[EventDate "2024.09.11"]
[WhiteTeam "Hungary"]
[BlackTeam "Peru"]
[WhiteTeamCountry "HUN"]
[BlackTeamCountry "PER"]

1. d4 e6 2. c4 b6 3. a3 Bb7 4. Nc3 Nf6 5. d5 exd5 6. cxd5 Bd6 7. Nf3 O-O 8. Bg5 ({RR} 8. g3 Na6 9. Bg2 Nc5 10. b4 Nce4 11. Nxe4 Nxe4 12. Bb2 Qe7 13. O-O f5 14. Qd3 a5 {½-½ Zhigalko,S (2620)-Kovalev,V (2639) Orsha op 2018 (6)}) ({RR} 8. g3 c6 9. Bg2 Na6 10. O-O Re8 11. Re1 cxd5 12. b4 Nc7 13. Bb2 a5 14. bxa5 Rxa5 15. a4 Ne6 16. Nb5 Bc5 17. e3 Bb4 18. Re2 Ba6 19. Nfd4 Nxd4 20. Bxd4 Bxb5 21. axb5 Ne4 22. Rxa5 Bxa5 {0-1 Guichard,P (2385)-Garcia Martin,M (2342) European Women Blitz 2023 2024 (11.2)}) 8... h6 9. h4 $146 ({RR} 9. Bh4 c6 10. dxc6 dxc6 11. e3 Be7 12. Bc4 b5 13. Bb3 Nbd7 14. O-O a6 15. Nd4 Nc5 16. Bc2 g6 17. Qf3 Nd5 18. Bxe7 Nxe7 19. Qh3 Kg7 20. f4 Nd5 21. f5 Nxc3 22. f6+ Kh7 23. Nf5 h5 {1-0 Borawski,J (2150)-Rak,M (1694) POL-chT rapid 2018 (9.31)}) ({RR} 9. Bh4 Re8 10. e3 c6 11. Bc4 Ba6 12. Bxa6 Nxa6 13. O-O Nc7 14. dxc6 dxc6 15. Qa4 b5 16. Qc2 g5 17. Bg3 Bxg3 18. hxg3 Ne6 19. Rad1 Qe7 20. e4 Nd7 21. Rfe1 g4 22. Nh4 Ne5 23. Nf5 Qg5 {1-0 Georgiev,K (2623)-Arnaudov,P (2439) EU-ch rapid Katowice 2017 (10)}) ({RR} 9. Bh4 Re8 10. e3 Ba6 11. Nb5 Be7 12. Bg3 Bxb5 13. Bxb5 Ne4 14. Qc2 Nxg3 15. hxg3 Bf6 16. O-O-O a6 17. Be2 c5 18. d6 b5 19. Qxc5 Nc6 20. Kb1 Rc8 21. Rc1 Na5 22. Qxc8 Qxc8 23. Rxc8 Rxc8 {1-0 Fedoseev,V (2691)-Mousavi,S (2492) Qatar Masters Open 2023 (6.19)}) 9... c5 10. Qc2 Be7 11. O-O-O d6 12. e3 a6 13. g4 Nxg4 14. Bd3 Bc8 15. Bxe7 Qxe7 16. Ng5 Ne5 17. Bxa6 hxg5 18. hxg5 Ng6 19. Bd3 Qe5 20. Ne4 c4 21. f4 Nxf4 22. exf4 Qxf4+ 23. Qd2 Qxd2+ 24. Rxd2 f5 25. g6 fxe4 26. Rdh2 1-0

[Event "Olympiad Women 2024"]
[Site "Budapest HUN"]
[Date "2024.09.16"]
[Round "6.2"]
[Board "2"]
[White "Aliaga Fernandez, Ingrid Y"]
[Black "Hoang, Thanh Trang"]
[Result "1/2-1/2"]
[WhiteElo "2111"]
[BlackElo "2351"]
[PlyCount "77"]
[EventDate "2024.09.11"]
[WhiteTeam "Peru"]
[BlackTeam "Hungary"]
[WhiteTeamCountry "PER"]
[BlackTeamCountry "HUN"]

1. e4 e6 2. d4 d5 3. Nc3 Nf6 4. e5 Nfd7 5. f4 c5 6. Nf3 Nc6 7. Be3 a6 8. Qd2 b5 9. dxc5 Bxc5 10. Bxc5 Nxc5 11. Qf2 Qb6 12. Bd3 b4 13. Ne2 a5 14. O-O Ba6 15. Rfd1 h6 ({RR} 15... O-O 16. Ned4 Rfc8 17. Nb3 Na4 18. Qxb6 Nxb6 19. Nbd4 Na4 20. Rdb1 Nc5 21. Bxa6 Rxa6 22. a3 Ne4 23. axb4 Nxb4 24. Rc1 h6 25. Kf1 Rb6 26. Ke2 Nc6 27. Nxc6 Rcxc6 28. b3 Rb4 29. Rxa5 Nc3+ 30. Ke3 {½-½ Kuczynski,R (2510)-Glek,I (2590) Bundesliga 9495 1994 [1]}) 16. Nfd4 $146 ({RR} 16. Kh1 Ne7 17. Ned4 O-O 18. Qh4 Rfe8 19. Qg4 Ne4 20. Rf1 Rac8 21. Rad1 Nc6 22. Bxa6 Qxa6 23. f5 Nxd4 24. Nxd4 Rc4 25. fxe6 Rxe6 26. Qf5 Re7 27. e6 Nf6 28. exf7+ Rxf7 29. Ne6 Qd6 30. Nd4 Qd7 {½-½ Pereira,E (2049)-Dutta,S (2275) Wch U20 41st 2002 (10)}) ({RR} 16. Ned4 Ne4 17. Bxe4 dxe4 18. Nxc6 Qxc6 19. Rd6 Qc7 20. Nd4 O-O 21. f5 exf5 22. Nxf5 Bc8 23. Nxh6+ gxh6 24. Qg3+ Kh7 25. Rf1 Be6 26. Rf6 Rg8 27. Qf4 Rg6 28. Rxg6 Qa7+ 29. Kh1 Kxg6 30. Qxe4+ Kg7 {0-1 Principe,A (2295)-Bluebaum,M (2668) Titled Tue 17th Oct Early 2023 (2)}) ({RR} 16. Kh1 Ne7 17. Ng3 g6 18. Ne2 Na4 19. Qxb6 Nxb6 20. Bxa6 Rxa6 21. b3 Nf5 22. Ned4 Nxd4 23. Nxd4 Ke7 24. a3 bxa3 25. Rxa3 Kd7 26. Rda1 Rha8 27. g3 Nc8 28. Ra4 Nb6 29. R4a2 Nc8 30. Kg2 Kc7 {1-0 L'Ami,E (2438)-Zaragatski,I (2319) EU-ch U18 Peniscola 2002 (7)}) ({RR} 16. b3 Nd7 17. Ned4 Nxd4 18. Nxd4 O-O 19. a3 Bxd3 20. Rxd3 Nc5 21. Rdd1 Ne4 22. Qe3 Rfc8 23. axb4 axb4 24. Rxa8 Rxa8 25. g3 Rc8 26. Rd3 Qa7 27. Kg2 Qa2 28. Qe2 Qb2 29. Kh3 Qc1 30. Kg2 Ra8 {½-½ Przybylski,W (2320)-Strebkovs,A (2175) Ostrava Konik op-A 2007 (2)}) 16... Ne7 17. h3 O-O 18. Qe3 Rfc8 19. Rf1 Na4 20. Rab1 Ra7 21. Rf3 Bxd3 22. cxd3 Rac7 23. Kh2 Nc6 24. Rg3 Ne7 25. b3 Nc5 26. Rf1 Nd7 27. f5 Nxf5 28. Nxf5 exf5 29. Nd4 Re8 30. Rxf5 Nf8 31. Rxg7+ Kxg7 32. Rf6 Qb8 33. Qxh6+ Kg8 34. Nf5 Ne6 35. Rxe6 fxe6 36. Qg6+ Kh8 37. Qf6+ Kg8 38. Qg6+ Kh8 39. Qf6+ 1/2-1/2

[Event "Olympiad Women 2024"]
[Site "Budapest HUN"]
[Date "2024.09.16"]
[Round "6.4"]
[Board "1"]
[White "Kashlinskaya, Alina"]
[Black "Zhu, Jiner"]
[Result "1/2-1/2"]
[WhiteElo "2490"]
[BlackElo "2487"]
[PlyCount "81"]
[EventDate "2024.09.11"]
[WhiteTeam "Poland"]
[BlackTeam "China"]
[WhiteTeamCountry "POL"]
[BlackTeamCountry "CHN"]

1. e4 c5 2. c3 d5 3. exd5 Qxd5 4. d4 Nf6 5. Nf3 Nc6 6. Be3 e6 7. Na3 cxd4 8. Nb5 Qd7 9. Nbxd4 Be7 ({RR} 9... Bd6 10. Nxc6 bxc6 11. Qc2 Qc7 12. Bd3 c5 13. O-O-O Rb8 14. Nd2 Nd5 15. Nc4 Be7 16. Be4 Nxe3 17. fxe3 g6 18. h4 Ba6 19. Qa4+ Bb5 20. Qa5 Qxa5 21. Nxa5 O-O 22. Nc6 Bxc6 23. Bxc6 Rb6 24. Rd7 {½-½ Nepomniachtchi,I (2779)-Aronian,L (2742) Julius Baer Rapid Div 2 W 2023 (5.3)}) 10. Nxc6 Qxc6 11. Ne5 Qd5 $146 ({RR} 11... Qe4 12. Qd4 Qxd4 13. Bxd4 Nd5 14. Bb5+ Kf8 15. Bc4 f6 16. Nd3 Nc7 17. Be3 e5 18. O-O-O Be6 19. Bxe6 Nxe6 20. f4 exf4 21. Nxf4 Nxf4 22. Bxf4 Rd8 23. Rxd8+ Bxd8 24. Rd1 Ke7 25. Re1+ Kd7 26. Rd1+ {½-½ Mchedlishvili,M (2553)-Erigaisi,A (2701) 23rd Dubai Open 2023 (2.3)}) ({RR} 11... Qe4 12. Qd4 O-O 13. Qxe4 Nxe4 14. Be2 f6 15. Nd3 e5 16. f4 exf4 17. Nxf4 Bc5 18. Bxc5 Nxc5 19. O-O-O g6 20. Rhe1 Kh8 21. Nd3 Nxd3+ 22. Bxd3 Bg4 23. Be2 Bxe2 24. Rxe2 Rf7 25. c4 Kg7 26. Kc2 {½-½ Wang,Z (1846)-Fan,J (2040) CHN Team Men 2024 (5.2)}) ({RR} 11... Qe4 12. Qd4 Qxd4 13. Bxd4 O-O 14. Be2 Rd8 15. Bf3 Nd5 16. O-O-O f6 17. Nc4 b6 18. Rhe1 Rb8 19. Ne3 Nc7 20. Nf5 Bf8 21. Be3 Bd7 22. Nd4 Bc5 23. Nc6 Bxc6 24. Bxc6 Bxe3+ 25. Rxe3 Rxd1+ 26. Kxd1 {½-½ Cheparinov,I (2663)-Aronian,L (2723) World Rapid 2023 (11.10)}) ({RR} 11... Qc7 12. Qa4+ Kf8 13. Nf3 Bd7 14. Qb3 Bc6 15. Be2 Nd5 16. Bd2 h5 17. O-O g6 18. c4 Nf4 19. Bd1 Rd8 20. Bc3 Rd3 21. Qc2 Rg8 22. Be5 Bd6 23. Bxf4 {1-0 Aloma Vidal,R (2437)-Afanasieva,A (1857) Titled Tue 6th Jun Early 2023 (10)}) 12. Qa4+ Kf8 13. f4 Qe4 14. Qxe4 Nxe4 15. O-O-O f6 16. Nf3 Kf7 17. Bc4 Nd6 18. Bb3 a5 19. a4 Nf5 20. Bf2 h5 21. Rhe1 Ra6 22. Re2 Rc6 23. Nd4 Nxd4 24. Bxd4 g6 25. Rde1 Rd8 26. Kb1 b6 27. g3 Bc5 28. Bxc5 bxc5 29. Bc4 Rb6 30. h3 Ke7 31. Kc1 Rdd6 32. g4 h4 33. Bb5 Bd7 34. Bxd7 Kxd7 35. Re3 Rd5 36. R1e2 Rbd6 37. Kc2 Rb6 38. Re4 Rbd6 39. R4e3 Rb6 40. Re4 Rbd6 41. R4e3 1/2-1/2

[Event "Olympiad Women 2024"]
[Site "Budapest HUN"]
[Date "2024.09.16"]
[Round "6.4"]
[Board "2"]
[White "Song, Yuxin"]
[Black "Socko, Monika"]
[Result "1/2-1/2"]
[WhiteElo "2373"]
[BlackElo "2422"]
[PlyCount "73"]
[EventDate "2024.09.11"]
[WhiteTeam "China"]
[BlackTeam "Poland"]
[WhiteTeamCountry "CHN"]
[BlackTeamCountry "POL"]

1. e4 e5 2. Nf3 Nf6 3. Nxe5 d6 4. Nf3 Nxe4 5. d4 d5 6. Bd3 Bf5 7. O-O Be7 8. Re1 O-O 9. Nbd2 Nd6 10. Nf1 Nd7 11. Bxf5 Nxf5 12. Qd3 Nd6 13. Bf4 Re8 ({RR} 13... Ne4 14. c4 c6 15. Ng3 Nxg3 16. Bxg3 dxc4 17. Qxc4 Nb6 18. Qb3 Bf6 19. Rad1 Qd5 20. Qxd5 Nxd5 21. a3 Rad8 22. Rd2 Rd7 23. Ne5 Bxe5 24. dxe5 Rfd8 25. Rde2 Nc7 26. Bh4 Re8 27. f4 Rd4 28. Re4 {½-½ Oglaza,D (1995)-Matela,K (1926) 60th Rubinstein Mem Open 2024 (7.42)}) 14. Re2 Nf6 15. Rae1 a5 $146 ({RR} 15... c6 16. Ng3 h6 17. Bxd6 Bxd6 18. Ne5 c5 19. dxc5 Bxc5 20. Nf5 Ne4 21. Rxe4 dxe4 22. Qg3 Qf6 23. Ng4 Qg6 24. Qf4 Re6 25. Rd1 e3 26. fxe3 Rae8 27. Rd7 Kh7 28. h4 Re4 29. h5 Qxh5 30. Qxh6+ {0-1 Clark,J (2036)-Green,J (1855) Winnipeg TNT February op 2016 (2.4)}) ({RR} 15... Qd7 16. Ng3 Nde4 17. Ne5 Qe6 18. f3 g5 19. Bc1 Nxg3 20. hxg3 Nd7 21. Qb5 Nb6 22. Ng4 Qd6 23. Bxg5 Bxg5 24. Rxe8+ Rxe8 25. Qxe8+ Kg7 26. f4 Bf6 27. Nxf6 Qxf6 28. Qe5 Qxe5 29. fxe5 Nd7 30. Kh2 {1-0 Kaluzny,J (1668)-Bauer,T (1587) CZE-ch Juniors op-B 2007 (8)}) 16. a4 Bf8 17. Rxe8 Ndxe8 18. Ng3 Nd6 19. Ne5 Qc8 20. h3 Ra6 21. Re2 h6 22. c3 Nde4 23. Nxe4 Nxe4 24. Qb5 Rf6 25. Qxd5 Rxf4 26. Rxe4 c6 27. Qb3 Rxe4 28. Qxf7+ Kh8 29. Ng6+ Kh7 30. Nxf8+ Kh8 31. Ng6+ Kh7 32. Ne5 Re1+ 33. Kh2 c5 34. Qg6+ Kg8 35. Qf7+ Kh7 36. Qg6+ Kg8 37. Qf7+ 1/2-1/2

[Event "Olympiad Women 2024"]
[Site "Budapest HUN"]
[Date "2024.09.16"]
[Round "6.4"]
[Board "3"]
[White "Kiolbasa, Oliwia"]
[Black "Guo, Qi"]
[Result "1-0"]
[WhiteElo "2348"]
[BlackElo "2367"]
[PlyCount "113"]
[EventDate "2024.09.11"]
[WhiteTeam "Poland"]
[BlackTeam "China"]
[WhiteTeamCountry "POL"]
[BlackTeamCountry "CHN"]

1. d4 d5 2. c4 e6 3. Nc3 Nf6 4. cxd5 exd5 5. Bg5 Be7 6. e3 h6 7. Bh4 Bg4 8. f3 Be6 9. Bd3 c5 10. Nge2 Nc6 11. O-O O-O 12. Bc2 ({RR} 12. Re1 Re8 13. Bc2 Rc8 14. Nf4 cxd4 15. Nxe6 fxe6 16. exd4 Nxd4 17. Bg6 Rf8 18. Bf2 Nc6 19. Rxe6 d4 20. Ne2 Bc5 21. Nf4 Nd5 22. Qb3 Nxf4 23. Rd6+ Kh8 24. Rxd8 Rcxd8 25. Qxb7 Ne5 26. Be4 Bb6 {1-0 Nakamura,H (2794)-Carlsen,M (2830) 12th Norway Armageddon 2024 (7.1)}) 12... Rc8 13. Bf2 $146 ({RR} 13. Rc1 Re8 14. Bf2 cxd4 15. Nxd4 Nxd4 16. Qxd4 Bc5 17. Qd3 Qa5 18. Bb3 a6 19. Rfd1 Ba7 20. Ne2 Rxc1 21. Rxc1 Rc8 22. Rxc8+ Bxc8 23. Qc3 Qxc3 24. Nxc3 Be6 25. Kf1 Kf8 26. Ke2 Ke7 27. Kd3 g5 {½-½ Tudor,H (2187)-Szeberenyi,A (2339) FSIM May 2023 (5.4)}) 13... cxd4 14. Nxd4 Nxd4 15. Qxd4 Qa5 16. Bb3 Rfd8 17. Rfd1 Bc5 18. Qd3 a6 19. Ne2 Nd7 20. Nf4 Ne5 21. Qe2 Ba7 22. Rac1 Rxc1 23. Rxc1 Ng6 24. Nxe6 fxe6 25. Qc2 Nf8 26. Qd3 Qb6 27. a3 Qd6 28. Ba2 Qd7 29. Rd1 Qc7 30. f4 Kh8 31. Bb1 e5 32. fxe5 Qxe5 33. Kh1 Re8 34. Rf1 Qe4 35. Qe2 Qe6 36. Qd3 Qe4 37. Qe2 Qe6 38. Qc2 Qe4 39. Qd1 Qe6 40. Qc2 Qe4 41. Qd1 Qe6 42. Ba2 Bxe3 43. Bxd5 Qe7 44. Be1 Ne6 45. Ba2 Bc5 46. Bc3 Ng5 47. Qh5 Kh7 48. Bb1+ Kg8 49. Qg6 Rf8 50. Ba2+ Kh8 51. Rd1 Be3 52. Qxh6+ Nh7 53. Qg6 Qd7 54. Re1 Rf2 55. Bb1 Nf6 56. Bxf6 gxf6 57. h3 1-0

[Event "Olympiad Women 2024"]
[Site "Budapest HUN"]
[Date "2024.09.16"]
[Round "6.4"]
[Board "4"]
[White "Ni, Shiqun"]
[Black "Sliwicka, Alicja"]
[Result "1/2-1/2"]
[WhiteElo "2348"]
[BlackElo "2373"]
[PlyCount "185"]
[EventDate "2024.09.11"]
[WhiteTeam "China"]
[BlackTeam "Poland"]
[WhiteTeamCountry "CHN"]
[BlackTeamCountry "POL"]

1. e4 c5 2. Nf3 Nc6 3. Bb5 g6 4. Bxc6 bxc6 5. O-O Bg7 6. Re1 Qc7 7. d3 d6 ({RR} 7... e5 8. c3 Nf6 9. d4 cxd4 10. cxd4 exd4 11. Qxd4 O-O 12. Nc3 Qb6 13. Qxb6 axb6 14. e5 Ne8 15. Be3 Ra6 16. Rad1 f6 17. Bd4 fxe5 18. Bxe5 d5 19. Bxg7 Nxg7 20. Ne5 Bb7 21. a4 Nf5 22. Nf3 {½-½ Giri,A (2768)-Nakamura,H (2775) 11th Norway Chess 2023 (4.2)}) 8. e5 dxe5 9. Na3 Be6 $146 ({RR} 9... Ba6 10. Qe2 f6 11. Nd2 Nh6 12. Nb3 Nf7 13. Nxc5 Bc8 14. Nc4 O-O 15. c3 Rd8 16. Be3 Bf5 17. d4 exd4 18. cxd4 Bf8 19. Rac1 a5 20. b3 Rd5 21. Na4 Rb8 22. Qf3 Rb7 23. Bf4 e5 24. dxe5 {½-½ Nguyen,T (2629)-Gukesh,D (2699) TUR-chT Ankara 2022 (11.1)}) ({RR} 9... f6 10. Be3 Nh6 11. Bxc5 O-O 12. d4 Bg4 13. h3 Bxf3 14. Qxf3 f5 15. dxe5 Bxe5 16. Nc4 Bf6 17. Re6 Nf7 18. Rxc6 Qb7 19. Rxf6 Qxf3 20. gxf3 exf6 21. Bxf8 Kxf8 22. Rd1 Rc8 23. b3 Ke7 24. Rd5 {1-0 Tadic,S (2421)-Pogorelskikh,S (2216) Srdja Dragasevic Mem 2024 (2.12)}) ({RR} 9... f6 10. Be3 Nh6 11. Bxc5 Nf7 12. Nc4 O-O 13. b4 Ba6 14. Nfd2 f5 15. Qc1 e4 16. Rb1 Nd6 17. Qa3 Bxc4 18. Nxc4 Kh8 19. Qb3 Rad8 20. a4 Rfe8 21. Nd2 Nb7 22. Bxa7 Ra8 23. Be3 f4 24. Bc5 {½-½ Ivic,V (2581)-Mamedov,R (2656) Olympiad-44 Chennai 2022 (11.2)}) ({RR} 9... Nf6 10. Nxe5 Nd5 11. Nac4 O-O 12. b3 Ba6 13. Bb2 Rfe8 14. Qd2 f6 15. Nf3 e5 16. a3 Rad8 17. Qa5 Bxc4 18. Qxc7 Nxc7 19. bxc4 Ne6 20. Rab1 Rb8 21. Bc3 Nd4 22. Nxd4 cxd4 23. Bb4 Bf8 24. Kf1 {½-½ Moussard,J (2670)-Cornette,M (2551) FRA-ch 95th Albi 2022 (3.2)}) 10. Ng5 Bf5 11. Nc4 Nh6 12. Be3 Rd8 13. Bxc5 f6 14. Ne4 Nf7 15. Qe2 O-O 16. Ng3 Be6 17. d4 Nd6 18. Nd2 Nb7 19. Nb3 a5 20. Qa6 Ra8 21. Qb6 Qxb6 22. Bxb6 Bxb3 23. axb3 Ra6 24. Bc5 Nxc5 25. dxc5 Rb8 26. Ra4 Rb5 27. Rc4 f5 28. f3 e6 29. Kf1 Ra7 30. Rd1 Bf8 31. Rd8 Rc7 32. Ne2 Kf7 33. Nc3 Rbb7 34. Ke2 Be7 35. Ra8 Ra7 36. Rxa7 Rxa7 37. Nd1 Rd7 38. Nf2 Kf6 39. Nd3 Rb7 40. Kd2 Rb5 41. Ke2 g5 42. g3 h5 43. h3 Bd8 44. Ra4 Bc7 45. g4 hxg4 46. hxg4 Rb8 47. Nf2 Rb5 48. Ra1 Bd8 49. Nd3 Bc7 50. Ke3 Rb8 51. b4 axb4 52. Ra6 b3 53. c3 Ke7 54. gxf5 exf5 55. Rxc6 Ba5 56. Rg6 Bxc3 57. bxc3 b2 58. Nxb2 Rxb2 59. Rxg5 Kf6 60. Rg8 Rb5 61. Rc8 Ke7 62. Rc6 Kd7 63. Rd6+ Ke7 64. Rd5 Ke6 65. Rd6+ Ke7 66. Rc6 Kd7 67. Rf6 f4+ 68. Kd3 Rxc5 69. Ra6 Rd5+ 70. Ke4 Rc5 71. c4 Ke7 72. Rb6 Rxc4+ 73. Kxe5 Kf7 74. Kf5 Kg7 75. Rb7+ Kh6 76. Rf7 Ra4 77. Ke5 Kg6 78. Rf8 Kg7 79. Rd8 Rb4 80. Rd1 Ra4 81. Rg1+ Kf7 82. Rg4 Rb4 83. Rxf4+ Rxf4 84. Kxf4 Kf6 85. Ke4 Ke6 86. f4 Kf6 87. f5 Kf7 88. Ke5 Ke7 89. f6+ Kf7 90. Kf5 Kf8 91. Kg6 Kg8 92. f7+ Kf8 93. Kf6 1/2-1/2

[Event "Olympiad Women 2024"]
[Site "Budapest HUN"]
[Date "2024.09.16"]
[Round "6.5"]
[Board "2"]
[White "Gajcin, Marina"]
[Black "Ushenina, Anna"]
[Result "0-1"]
[WhiteElo "2253"]
[BlackElo "2417"]
[PlyCount "162"]
[EventDate "2024.09.11"]
[WhiteTeam "Serbia"]
[BlackTeam "Ukraine"]
[WhiteTeamCountry "SRB"]
[BlackTeamCountry "UKR"]

1. e4 c5 2. Nf3 d6 3. Bb5+ Nd7 4. a4 Ngf6 5. Nc3 g6 6. O-O Bg7 7. a5 a6 8. Be2 O-O 9. d3 b5 10. axb6 Nxb6 11. Bg5 ({RR} 11. h3 a5 12. Be3 Nfd7 13. Qd2 a4 14. Bh6 e5 15. Nh2 Nb8 16. Bxg7 Kxg7 17. f4 Nc6 18. f5 f6 19. fxg6 hxg6 20. Ng4 Bxg4 21. Bxg4 Nd4 22. Ne2 d5 23. Rad1 a3 24. c3 Nxe2+ 25. Qxe2 Na4 {0-1 Rapport,R (2752)-Nepomniachtchi,I (2779) SuperUnited Rapid 2023 (5.1)}) ({RR} 11. Ra3 Bb7 12. b3 d5 13. e5 Nfd7 14. d4 cxd4 15. Qxd4 Qc7 16. Bf4 Rfc8 17. b4 e6 18. Re1 Nc4 19. Bxc4 Qxc4 20. Rb3 Rab8 21. Bg3 Ba8 22. h3 Qxd4 23. Nxd4 Rc4 24. Nce2 Rcxb4 25. Rxb4 Rxb4 {0-1 Balabayeva,X (2282)-Preobrazhenskaya,D (1859) Swiss Queens Wed #2 2024 (8.114)}) 11... h6 12. Bd2 Bd7 13. h3 $146 ({RR} 13. Qc1 Kh7 14. e5 Nfd5 15. Nxd5 Nxd5 16. c4 Nb6 17. exd6 exd6 18. Bc3 Bc6 19. Re1 Ra7 20. Nd2 Re8 21. Bxg7 Kxg7 22. Qc3+ Qf6 23. Qxf6+ Kxf6 24. Bf3 Rxe1+ 25. Rxe1 Bxf3 26. Nxf3 Nd7 27. Ra1 Ne5 {½-½ Jaiswal,R (2135)-Nitin,S (2407) Bikaner op 1st 2022 (9)}) 13... Qc7 14. Bf4 Bc6 15. Qd2 Kh7 16. e5 Nfd5 17. exd6 exd6 18. d4 Nxc3 19. bxc3 c4 20. Bg3 a5 21. h4 Rfe8 22. Rfb1 Ra6 23. Nh2 Be4 24. Nf1 Nd5 25. Ra4 Nb6 26. Ra2 Nd5 27. Ra4 Nb6 28. Ra2 h5 29. Rb5 Qc6 30. Rbxa5 Rxa5 31. Rxa5 Bxg2 32. Ne3 Be4 33. Ra7 Kg8 34. Ra6 Bh6 35. Bf1 Qb7 36. Ra1 Qc6 37. Ra6 Qb7 38. Ra1 Qc7 39. Nd5 Nxd5 40. Qxh6 Nxc3 41. Qf4 Re6 42. Qd2 Nd5 43. Qa5 Qxa5 44. Rxa5 Bf3 45. Bg2 Bxg2 46. Kxg2 Nc3 47. d5 Rf6 48. Ra8+ Kg7 49. Rd8 Nxd5 50. Bxd6 Rf5 51. Rc8 c3 52. Bc5 f6 53. Kg3 g5 54. hxg5 Rxg5+ 55. Kh2 Kg6 56. Bd4 Rf5 57. Kg3 h4+ 58. Kh2 Kg5 59. Bxc3 Rxf2+ 60. Kg1 Rf3 61. Bd2+ Kg4 62. c4 Nf4 63. Bxf4 Rxf4 64. c5 Rc4 65. c6 Kf4 66. c7 f5 67. Kg2 Rc3 68. Kh2 Rc6 69. Kh3 Rc2 70. Rh8 Rxc7 71. Kg2 Rg7+ 72. Kf2 Kg4 73. Ra8 h3 74. Ra1 Rc7 75. Rg1+ Kf4 76. Rg8 Rc2+ 77. Kf1 h2 78. Rh8 Ke4 79. Rh4+ f4 80. Rh8 Rc1+ 81. Kf2 h1=Q 0-1

[Event "Olympiad Women 2024"]
[Site "Budapest HUN"]
[Date "2024.09.16"]
[Round "6.5"]
[Board "3"]
[White "Gaponenko, Inna"]
[Black "Velikic, Adela"]
[Result "1-0"]
[WhiteElo "2324"]
[BlackElo "2260"]
[PlyCount "77"]
[EventDate "2024.09.11"]
[WhiteTeam "Ukraine"]
[BlackTeam "Serbia"]
[WhiteTeamCountry "UKR"]
[BlackTeamCountry "SRB"]

1. e4 c6 2. d4 d5 3. e5 Bf5 4. Nf3 e6 5. Be2 Nd7 6. O-O a5 7. a4 f6 8. c4 fxe5 9. dxe5 Bc5 10. cxd5 cxd5 11. Nd4 Bxd4 $146 ({RR} 11... Ne7 12. Be3 O-O 13. Nc3 Qb6 14. f4 Nc6 15. Ncb5 Nxd4 16. Bxd4 Rac8 17. Bxc5 Rxc5 18. Kh1 g6 19. Nd4 Rc7 20. Bb5 Nc5 21. Nxf5 Rxf5 22. Qd4 Nd7 23. Qd2 Nc5 24. Qf2 Rf8 25. Rac1 Rfc8 26. Rc3 {0-1 Kushagra,M (2367)-Durucay,U (2026) 14th Vojvodina Open 2024 (1.10)}) 12. Qxd4 Ne7 13. f4 Nc6 14. Qd1 Qb6+ 15. Kh1 O-O 16. Na3 Nb4 17. Bb5 Rfd8 18. Bd2 Rac8 19. Bc3 Nc5 20. Bd4 Qc7 21. Rc1 Qe7 22. Be2 Ne4 23. Nb5 Qd7 24. Bb6 Rxc1 25. Qxc1 Rc8 26. Qe3 Nc2 27. Qg1 Qe7 28. Rc1 Qh4 29. g3 Qe7 30. Bd3 Qb4 31. Rxc2 Rxc2 32. Bxc2 Qxb2 33. Qb1 Qb4 34. Qxb4 axb4 35. Bxe4 Bxe4+ 36. Kg1 Bc2 37. a5 Ba4 38. Nd6 Bc6 39. Kf2 1-0